000 002440000a22000970004500
100 1 _aSkousen, Mark
245 1 0 _aOverworked and underpaid?
300 _aVol. 45, Num. 11 (Noviembre, 1995), Páginas 734-735
773 0 _tThe Freeman
942 _cANA
999 _c56128
_d56128